Disceptationes ecclesiasticae una cum resolutionibus, seu judicatis sacrarum congregationum, in quibus pro una partium scripsit, ...

Detalles Bibliográficos
Autor principal: USAYA, Domingo
Formato: Libro
Publicado: Venecia 1724
Materias:
Colección:Banco de datos
Acervo:Biblioteca del Convento de San Pablo. Yuririahupándaro. Guanajuato
Descripción Física:t. I
Tema general:Derecho Eclesiástico
Notas:Buena. No identificadas 3 y 4. Encuadernado con el t, II. 2E, 6, 1.
LEADER 00806nam a22002050004500
035 |a 34740 
036 |a 381 
100 1 |a USAYA, Domingo 
245 1 0 |a Disceptationes ecclesiasticae una cum resolutionibus, seu judicatis sacrarum congregationum, in quibus pro una partium scripsit, ... 
260 |a Venecia  |b Tipografía Balleoniana imp.  |c 1724 
300 |a t. I 
500 |a Buena. No identificadas 3 y 4. Encuadernado con el t, II. 2E, 6, 1. 
650 1 0 |a Derecho Eclesiástico 
949 |a CRG-CY 
959 |a Ex convento de San Pablo, Museo Regional de Yuririahpúndaro, Guanajuato  |b CCC9 
960 |a Convento San Pablo Yuririahpúndaro, Guanajuato  |b DD86 
961 |a Agustina  |b OA 
942 |c CRG-CY 
943 |g Biblioteca del Convento de San Pablo. Yuririahupándaro. Guanajuato 
999 |c 955406  |d 955406